The timeless principles of successful business strategy / (Record no. 964)
[ view plain ]
| 000 -LEADER | |
|---|---|
| fixed length control field | 00867nam a2200253 a 4500 |
| 001 - CONTROL NUMBER | |
| control field | vtls000156686 |
| 003 - CONTROL NUMBER IDENTIFIER | |
| control field | IIMBL |
| 005 - DATE AND TIME OF LATEST TRANSACTION | |
| control field | 20180822140435.0 |
| 008 - FIXED-LENGTH DATA ELEMENTS--GENERAL INFORMATION | |
| fixed length control field | 170610t2011 xxk 000 0 eng d |
| 020 ## - INTERNATIONAL STANDARD BOOK NUMBER | |
| International Standard Book Number | 9783642212352 |
| 039 #9 - LEVEL OF BIBLIOGRAPHIC CONTROL AND CODING DETAIL [OBSOLETE] | |
| Level of rules in bibliographic description | 201706101434 |
| Level of effort used to assign nonsubject heading access points | navnath |
| -- | 201706101432 |
| -- | navnath |
| 082 ## - DEWEY DECIMAL CLASSIFICATION NUMBER | |
| Classification number | 658.4012 |
| Item number | VIA |
| 100 1# - MAIN ENTRY--PERSONAL NAME | |
| Personal name | Viardot, Eric |
| 245 14 - TITLE STATEMENT | |
| Title | The timeless principles of successful business strategy / |
| Statement of responsibility, etc. | by Eric Viardot. |
| 260 ## - PUBLICATION, DISTRIBUTION, ETC. | |
| Place of publication, distribution, etc. | London: |
| Name of publisher, distributor, etc. | Springer, |
| Date of publication, distribution, etc. | 2011. |
| 300 ## - PHYSICAL DESCRIPTION | |
| Extent | ix, 90 pages |
| 490 1# - SERIES STATEMENT | |
| Series statement | Management for professionals |
| 541 ## - IMMEDIATE SOURCE OF ACQUISITION NOTE | |
| Source of acquisition | Surya Infotainment ; |
| Address | Bangalore ; |
| Method of acquisition | Donation |
| 650 #0 - SUBJECT ADDED ENTRY--TOPICAL TERM | |
| Topical term or geographic name entry element | Business planning |
| 650 #0 - SUBJECT ADDED ENTRY--TOPICAL TERM | |
| Topical term or geographic name entry element | Strategic planning |
| 650 #0 - SUBJECT ADDED ENTRY--TOPICAL TERM | |
| Topical term or geographic name entry element | Industrial management |
| 949 ## - LOCAL PROCESSING INFORMATION (OCLC) | |
| -- | VIRTUAITEM |
| -- | 30000 |
| -- | 30000 |
| -- | 1000 |
| 6 | C00307 |
| Date last seen | Total Checkouts | Full call number | Barcode | Price effective from | Koha item type | Lost status | Source of classification or shelving scheme | Damaged status | Not for loan | Withdrawn status | Home library | Current library | Date acquired |
|---|---|---|---|---|---|---|---|---|---|---|---|---|---|
| 08/22/2018 | 658.4 VIA | C00307 | 08/22/2018 | Book | Dewey Decimal Classification | Indian Institute of Management Visakhapatnam | Indian Institute of Management Visakhapatnam | 08/22/2018 |